| 000 | 00000nam##2200000za#4500 |
| 001 | 9.575664 |
| 003 | CaOODSP |
| 005 | 20210624184755 |
| 007 | cr ||||||||||| |
| 008 | 150406|2008||||xxc|||||o f|0| 0 eng|d |
| 040 | |aCaOODSP|beng |
| 043 | |an-cn--- |
| 086 | 1 |aTU3-5/08-47E-PDF |
| 110 | 2 |aTransportation Safety Board of Canada. |
| 245 | 10|aLoss of control – Stall/spin Kitfox IV C-GCSU Huntington, Nova Scotia, 18 August 2008 |h[electronic resource] |
| 260 | |aGatineau - Quebec : |bTransportation Safety Board of Canada |c[2008]. |
| 300 | |a7p.|bcoloured illus. |
| 490 | 1 |aAviation investigation report |vA08A0106 |
| 590 | |a13-03-Supp|b2013-02-11 |
| 775 | 08|tPerte de contrôle – décrochage/vrille du Kitfox IV C-GCSU à Huntington (Nouvelle-Écosse), le 18 août 2008 |w(CaOODSP)9.605155 |
| 830 | #0|aAviation investigation report ;|vA08A0106|w(CaOODSP)9.504825 |
| 856 | 40|ahttp://publications.gc.ca|qPDF|s708 KB|uhttps://publications.gc.ca/collections/collection_2013/bst-tsb/TU3-5-08-47-eng.pdf|yA08A0106 |